00796nam a2200217 i 450000100060000000300090000600500170001500700030003200800410003510000330007624500890010926000690019830000400026750000430030750100370035050500700038754600360045774000270049374000210052085200370054138862ES-MaACL20251015063051.0t|030226s1928 be cf |||| | fre d1 aCampón, Pedro, d1887-194110aBruges la Divine b: eti-esthétique, paix universelle / cpar Pedro Campón Polo. aParis : b[s. n.], c1928 (eBruxelles : fLes Arts Gráfiques) a117 p., [4] h. de lám. ; c18 cm. aCatálogo de obras de Pedro Campón. aCarta de W. Zotter, en alemán.8 aContiene también: ; tLa tragédie humaine ; tLos doce puntos aTexto en francés y español.3 aLa tragédie humaine.4 aLos doce puntos. aES-MaACLjB-3791 z. - hol. roja